History Quiz

Random History or State Quiz

Different Birth and Home State Quiz Stats

 Plays Quiz not verified by Sporcle

Challenge
Share
Tweet
Embed
Score 0/13 Timer 04:00
0 Plays Today
Born in President % Correct
HawaiiBarack Obama
95.3%
ConnecticutGeorge W. Bush
94.5%
IllinoisRonald Reagan
92.2%
MassachusettsGeorge H.W. Bush
87.5%
KentuckyAbraham Lincoln
85.2%
NebraskaGerald Ford
82%
South CarolinaAndrew Jackson
77.7%
IowaHerbert Hoover
71.9%
VirginiaWoodrow Wilson
68.8%
CaliforniaRichard Nixon
63.7%
North CarolinaJames K. Polk
59%
TexasDwight Eisenhower
56.6%
VirginiaWilliam Henry Harrison
53.9%

You're not logged in!

Compare scores with friends on all Sporcle quizzes.
Join for Free
OR
Log In

You Might Also Like...

Show Comments

Extras

Top Quizzes Today


Score Distribution

Your Account Isn't Verified!

In order to create a playlist on Sporcle, you need to verify the email address you used during registration. Go to your Sporcle Settings to finish the process.

Report this User

Report this user for behavior that violates our Community Guidelines.

Details: